V04 あおぎり高校所属タレントクイズ - Statistics

General Stats
  • This quiz has been taken 32 times
  • The average score is 10 of 15
Answer Stats
Answer % Correct
栗駒こまる / Kurikoma Komaru
89%
音霊魂子 / Otodama Tamako
82%
大代真白 / Oshiro Mashiro
79%
エトラ / Étra
75%
我部りえる / Gabu Rieru
75%
ぷわぷわぽぷら / Puwapuwa Popura
75%
うる虎がーる / Urutoragaru
75%
石狩あかり / Ishikari Akari
71%
山黒音玄 / Yamaguro Nekuro
68%
八十科むじな / Yasoshina Mujina
68%
春雨麗女 / Harusame Urame
64%
千代浦蝶美 / Chiyoura Chiyomi
57%
月赴ゐぶき / Tsukiyuki Ibuki
57%
萌実 / Moemi
54%
水菜月夏希 / Minazuki Natsuki
39%
No matching quizzes found
Score Distribution
Percent of People with Each Score
Percentile by Number Answered
Your Score History
You have not taken this quiz